All MLB Players Whose Last Name Starts With “A” (2025) - Statistics

General Stats
  • This quiz has been taken 26 times
  • The average score is 16 of 69
Answer Stats
Surname % Correct
Acuña
67%
Acuña Jr.
67%
Adam
57%
Alvarez
57%
Alvarez
57%
Alvarez
57%
Alvarez Jr.
57%
Allen
52%
Allen
52%
Allen
52%
Anderson
43%
Anderson
43%
Anderson
43%
Anderson
43%
Anderson
43%
Anderson
43%
Adames
38%
Adams
33%
Adams
33%
Adams
33%
Albies
33%
Alexander
33%
Alexander
33%
Alexander
33%
Alexander
33%
Alexander
33%
Altuve
33%
Alonso
29%
Abreu
24%
Abreu
24%
Abbott
19%
Abel
19%
Andujar
19%
Anthony
19%
Arenado
19%
Abrams
14%
Ahmed
14%
Alcantara
14%
Alcántara
14%
Alcántara
14%
Arcia
14%
Arraez
14%
Adcock
10%
Adell
10%
Alcala
10%
Arias
10%
Arias
10%
Armstrong
10%
Arozarena
10%
Acosta
5%
Agnos
5%
Akin
5%
Aldegheri
5%
Allard
5%
Altavilla
5%
Alvarado
5%
Alvarado
5%
Amador
5%
Aranda
5%
Arrighetti
5%
Avila
5%
Azocar
5%
Amaya
0%
Amaya
0%
Ashby
0%
Ashcraft
0%
Ashcraft
0%
Assad
0%
Avans
0%
No matching quizzes found
Score Distribution
Percent of People with Each Score
Percentile by Number Answered
Your Score History
You have not taken this quiz